000 00544nam a2200217Ia 4500
003 OSt
005 20221007082914.0
006 a|||||r|||| 00| 0
007 ta
008 221006b |||||||| |||| 00| 0 eng d
024 _a39,792
037 _cDissertations
040 _aFLL
_cFLL
_beng
041 _2eng
_aeng
100 _aChaudhary Renu
_9699789
245 0 _aRole of society in preventing juvenile deliquency
260 _c2011
300 _ad.p.
_ccm.
942 _cDIS
_2CC
999 _c1168143
_d1168143